000 01018nam a2200241 a 4500
005 20260322212059.0
008 data
010 _a75-309608
090 _aKF 9728 .Z9 L4 1975
245 0 0 _aLegal problems of correctional, mental health, and juvenile detention facilities.
_cedited by William A. Carnahan & Practising Law Institute.
260 _aNew York
_bPractising Law Institute
_c 1975
300 _a576 p. ;
_c 22 cm.
490 0 _aCriminal law and urban problems course handbook series ; no. 76
500 _a"C4-3192."
500 _a"Prepared for distribution at the Legal Problems of Correctional, Mental Health and Juvenile Detention Facilities Workshop, February 27-28, 1975, New York City."
500 _aIncludes bibliographical references.
650 4 _aCorrectional law
_zUnited States
650 4 _aJuvenile detention homes
_xChild
_zUnited States
650 4 _aMental health facilities
_xChild
_zUnited States
700 1 _aCarnahan, William A.
710 2 _aPractising Law Institute.
001 data
999 _c1403
_d1403